Online
Catalog

Código penal de la República Dominicana : (Record no. 40485)

MARC details
000 -CABECERA
campo de control de longitud fija 01133nam a2200265 a 4500
001 - NÚMERO DE CONTROL
campo de control 000040995
005 - FECHA Y HORA DE LA ÚLTIMA TRANSACCIÓN
campo de control 20240402134028.0
008 - DATOS DE LONGITUD FIJA--INFORMACIÓN GENERAL
campo de control de longitud fija 090715s2009 dr 001 0 spa d
040 ## - FUENTE DE LA CATALOGACIÓN
Centro catalogador/agencia de origen DO-SdBNP
Lengua de catalogación spa
Centro/agencia transcriptor BNPHU
082 ## - NÚMERO DE LA CLASIFICACIÓN DECIMAL DEWEY
Número de clasificación 345.729305
Número de documento/Ítem R426c, 2009
110 1# - ENTRADA PRINCIPAL--NOMBRE DE ENTIDAD CORPORATIVA
Nombre de entidad corporativa o nombre de jurisdicción como elemento de entrada República Dominicana.
9 (RLIN) 447
240 10 - TÍTULO UNIFORME
Título uniforme [Leyes, etc.]
245 10 - MENCIÓN DE TÍTULO
Título Código penal de la República Dominicana :
Resto del título modificada por las leyes 224-84; 24-97; 46-99; 223-84; 36-00 y 12-07 (sobre multas) /
Mención de responsabilidad, etc. compiladores Trajano Vidal Potentini, Juan Pablo Acosta.
260 ## - PUBLICACIÓN, DISTRIBUCIÓN, ETC.
Lugar de publicación, distribución, etc. Moca, República Dominicana :
Nombre del editor, distribuidor, etc. Dalis,
Fecha de publicación, distribución, etc. 2009.
300 ## - DESCRIPCIÓN FÍSICA
Extensión 136 p. ;
Dimensiones 22 cm.
500 ## - NOTA GENERAL
Nota general Incluye índice temático.
500 ## - NOTA GENERAL
Nota general Edición especial, tomada de la 15ª ed.
504 ## - NOTA DE BIBLIOGRAFÍA, ETC.
Nota de bibliografía, etc. Incluye bibliografía y notas al pie de páginas.
590 ## - NOTA LOCAL (RLIN)
Nota local Inventariado,2018/DG
650 #4 - PUNTO DE ACCESO ADICIONAL DE MATERIA--TÉRMINO DE MATERIA
Término de materia o nombre geográfico como elemento de entrada Derecho penal
Subdivisión general Legislación
Subdivisión geográfica República Dominicana
9 (RLIN) 16570
650 #4 - PUNTO DE ACCESO ADICIONAL DE MATERIA--TÉRMINO DE MATERIA
Término de materia o nombre geográfico como elemento de entrada Procedimiento penal
Subdivisión general Legislación
Subdivisión geográfica República Dominicana
9 (RLIN) 16571
700 12 - PUNTO DE ACCESO ADICIONAL--NOMBRE DE PERSONA
Nombre de persona Potentini Adames, Trajano Vidal‏
Término indicativo de función/relación comp.
9 (RLIN) 73577
700 12 - PUNTO DE ACCESO ADICIONAL--NOMBRE DE PERSONA
Nombre de persona Acosta, Juan Pablo,
Término indicativo de función/relación comp.
9 (RLIN) 11716
910 ## - DATOS DE OPCIÓN DEL USUARIO (OCLC)
Datos de opción del usuario Validado. Control de la calidad EMS
Holdings
Estado de retiro Estado de pérdida Restricciones de uso No para préstamo Código de colección Localización permanente Ubicación/localización actual Ubicación en estantería Fecha de adquisición Número de inventario Total de préstamos Signatura topográfica completa Código de barras Fecha visto por última vez Número de copia Precio válido a partir de Tipo de ítem Koha
        Dominicana de Servicio General General Depósito 12.09.2013 LF1   345.729305 R426c, 2009 40995-30 25.06.2020 e. 3 25.06.2020 Libro y Folleto Colección Dominicana de Servicio
      Excluido de préstamo Patrimonio Dominicano Patrimonio Dominicano Patrimonio Dominicano Depósito 12.09.2013 LF1   345.729305 R426c, 2009 40995-10 25.06.2020   25.06.2020 Libro y Folleto Colección Patrimonio Dominicano
      Excluido de préstamo Patrimonio Dominicano Patrimonio Dominicano Patrimonio Dominicano Depósito 12.09.2013 LF1   345.729305 R426c, 2009 40995-20 25.06.2020 e. 2 25.06.2020 Libro y Folleto Colección Patrimonio Dominicano

Powered by Koha